ARRUPE JESUIT UNIVERSITY

CORONAVIRUS -STOP THE SPREAD - CLEAN,DISINFECT,COVER

Towards self-reliance : (Record no. 125331)

MARC details
000 -LEADER
fixed length control field 00956cam a2200325 a 4500
001 - CONTROL NUMBER
control field 285357
003 - CONTROL NUMBER IDENTIFIER
control field ARRUPE
005 - DATE AND TIME OF LATEST TRANSACTION
control field 20160926105406.0
008 - FIXED-LENGTH DATA ELEMENTS--GENERAL INFORMATION
fixed length control field 840109s1983 rh b 000 0 eng d
010 ## - LIBRARY OF CONGRESS CONTROL NUMBER
LC control number 84141622
020 ## - INTERNATIONAL STANDARD BOOK NUMBER
Cancelled/invalid ISBN 08692284
035 ## - SYSTEM CONTROL NUMBER
System control number (OCoLC)12051483
035 ## - SYSTEM CONTROL NUMBER
System control number (OCoLC)ocm12051483
035 ## - SYSTEM CONTROL NUMBER
System control number (CStRLIN)NYCG84-B901
035 ## - SYSTEM CONTROL NUMBER
System control number (NNC)285357
040 ## - CATALOGING SOURCE
Modifying agency NNC
Transcribing agency DCL
043 ## - GEOGRAPHIC AREA CODE
Geographic area code f-rh---
050 ## - LIBRARY OF CONGRESS CALL NUMBER
Classification number HN802.A8C67 1983
300 ## - PHYSICAL DESCRIPTION
Dimensions 23 cm.
100 1# - MAIN ENTRY--PERSONAL NAME
Personal name Cormack, I. R. N.
Fuller form of name (Ian R. N.)
9 (RLIN) 26138
245 10 - TITLE STATEMENT
Title Towards self-reliance :
Remainder of title urban social development in Zimbabwe /
Statement of responsibility, etc by I.R.N. Cormack.
260 ## - PUBLICATION, DISTRIBUTION, ETC. (IMPRINT)
Place of publication, distribution, etc Gweru :
Name of publisher, distributor, etc Mambo Press,
Date of publication, distribution, etc 1983.
300 ## - PHYSICAL DESCRIPTION
Extent xxiv, 280 p. ;
490 1# - SERIES STATEMENT
Series statement Zambeziana ;
Volume number/sequential designation v. 15
504 ## - BIBLIOGRAPHY, ETC. NOTE
Bibliography, etc Bibliography: p. 271-280.
650 #0 - SUBJECT ADDED ENTRY--TOPICAL TERM
Topical term or geographic name as entry element Urbanization
Geographic subdivision Zimbabwe.
9 (RLIN) 26139
650 #0 - SUBJECT ADDED ENTRY--TOPICAL TERM
Topical term or geographic name as entry element Zimbabwe
General subdivision Social conditions.
9 (RLIN) 26140
830 #0 - SERIES ADDED ENTRY--UNIFORM TITLE
Uniform title Zambeziana ;
Volume number/sequential designation v. 15.
9 (RLIN) 26141
942 ## - ADDED ENTRY ELEMENTS (KOHA)
Source of classification or shelving scheme Library of Congress Classification
Koha item type Monograph ( Printed materials)
Holdings
Withdrawn status Lost status Source of classification or shelving scheme Damaged status Not for loan Collection code Home library Current library Shelving location Date acquired Total Checkouts Full call number Barcode Date last seen Price effective from Koha item type
    Library of Congress Classification     Main Collection ARRUPE LIBRARY ARRUPE LIBRARY Main Collection 26/09/2016   HN802.A8C67 1983 46500010074 30/04/2018 26/09/2016 Monograph ( Printed materials)

 

Arrupe Library. PO Box MP320 Mt Pleasant, Harare, Zimbabwe
263 242 745411|librarian@aju.ac.zw